000 00542nam a2200193Ia 4500
003 GCL
008 140319s9999 xx 000 0 ara d
040 _aGCL /
_cGCL
082 0 4 _a013
_bك د
100 1 _aكلية الاثار
245 1 0 _aالدليل الذهبى للاساتذة وخريجى الاثار منذ سنة 1925 /
_cكلية الاثار
300 _a71 ص
490 _a
650 0 4 _aمصر
650 0 4 _aجامعة القاهرة
650 0 4 _aالادلة
650 0 4 _aكلية الاثار
942 _2ddc
_cBK
999 _c39376
_d39376